00433nam a2200181Ia 4500003000400000005001700004008004100021020001500062040000700077041000800084082001900092100002100111245002500132260004500157300001800202365001300220650001800233OSt20230620145328.0210423s2001 xx 000 0 und d a8120409922 cAL aeng a660.60581 IGNS aIGNACIMUTHU (S). aPlant biotechnology. aNew DelhibOxford University Pressc2001 axxiii,284bPB b135cINR aBiotechnology